MARC

LEADER 00000nam0a2200000 4500
001 250176
005 20231101232535.0
010 |a 5250005500 
020 |a RU  |b 89-12180 
035 |a (RuTPU)RU\TPU\book\272351 
090 |a 250176 
100 |a 20140211d1989 m y0rusy5003 ca 
101 0 |a rus 
102 |a RU 
105 |a y z 000zy 
200 1 |a Мастерство устного выступления  |f Е. А. Ножин 
205 |a 3-е изд., перераб. 
210 |a Москва  |c Политиздат  |d 1989 
215 |a 255 с.  |d 21 см 
606 1 |a Ораторское искусство  |2 stltpush  |3 (RuTPU)RU\TPU\subj\47280  |9 66335 
606 1 |a Политическое просвещение  |2 stltpush  |3 (RuTPU)RU\TPU\subj\50491  |9 69164 
610 1 |a устное выступление 
610 1 |a психолого-педагогические основы 
610 1 |a логика 
610 1 |a доказательство 
610 1 |a культура речи 
610 1 |a аудитория 
610 1 |a взаимодействие 
686 |a Ч711.211  |v LBC/SL-A  |2 rubbk 
686 |a Ф61(2)511  |v LBC/SL-A  |2 rubbk 
700 1 |a Ножин  |b Е. А.  |g Евгений Александрович  |4 070 
801 0 |a RU  |b RuMRKP  |c 19950417  |g psbo 
801 1 |a RU  |b 63413507  |c 20140211 
801 2 |a RU  |b 63413507  |c 20140219  |g RCR 
942 |c BK